Tide of empires : decisive naval campaigns in the rise of the west /

Bibliographic Details
Main Author: Padfield, Peter
Format: Book
Language:English
Published: London : Routledge & Kegan Paul, 1979-
Subjects:

MARC

Tag First Indicator Second Indicator Subfields
LEADER 00000cam a2200000 i 4500
001 in00000669366
005 20151015080900.0
008 791212m1979 enka b 00110 eng
010 |a  79320645  
015 |a GB*** 
020 |a 0710001509 (v. 1) :  |c 97.95 (v. 1) 
035 |a (OCoLC)05790164 
035 |9 ACX7031AM 
040 |a DLC  |c DLC  |d m.c.  |d TXA  |d UtOrBLW 
049 |a TXAM  |v 1 [1384900]  |v 2 [804163] 
050 0 0 |a D27  |b  P14 
082 0 |a 359.4/09/03 
100 1 |a Padfield, Peter. 
245 1 0 |a Tide of empires :  |b decisive naval campaigns in the rise of the west /  |c Peter Padfield. 
264 1 |a London :  |b Routledge & Kegan Paul,  |c 1979- 
300 |a volumes :  |b illustrations ;  |c 24 cm. 
336 |a text  |b txt  |2 rdacontent 
337 |a unmediated  |b n  |2 rdamedia 
338 |a volume  |b nc  |2 rdacarrier 
504 |a Includes bibliographical references and index. 
505 1 |a v. 1. 1481-1654 -- v. 2. 1654-1763. 
650 0 |a Naval history. 
999 |a MARS 
999 f f |s 21c70465-97c2-3ad5-8527-142041270814  |i e3200758-8885-3130-a13b-b2a7c8c49d89  |t 0 
952 f f |p normal  |a Texas A&M University  |b College Station  |c Sterling C. Evans Library  |d Evans: Library Stacks  |t 0  |e D27 .P14  |h Library of Congress classification  |i unmediated -- volume  |k v.2  |m A14807401872 
952 f f |p normal  |a Texas A&M University  |b Galveston Campus  |c Jack K. Williams Library  |d Galveston Stacks  |t 0  |e D27 .P14  |h Library of Congress classification  |i unmediated -- volume  |k v.1  |m 33620000371019 
952 f f |p normal  |a Texas A&M University  |b Galveston Campus  |c Jack K. Williams Library  |d Galveston Stacks  |t 0  |e D27 .P14  |h Library of Congress classification  |i unmediated -- volume  |k v.2  |m 33620000720165 
952 f f |p normal  |a Texas A&M University  |b College Station  |c Sterling C. Evans Library  |d Evans: Library Stacks  |t 0  |e D27 .P14  |h Library of Congress classification  |i unmediated -- volume  |k v.1  |m A14801869721 
998 f f |a D27 .P14  |s v.2  |t 0  |l Galveston Stacks 
998 f f |a D27 .P14  |s v.1-v.2  |t 0  |l Evans: Library Stacks